00475nam a2200193 a 4500001001300000003000900013005001700022008004100039020001000080082001600090100001900106245001800125260002900143300000900172500003500181505001700216650002900233700001900262nice12345678IN_TiNIC20260116011633.0050524s1961 lona grp 000 0 eng  ac10000a220.07bROB aRobertson, E H aTake and Read aLondonbScm Press c1961 a128p aincludes index and biblioraphy2 aBibliography aBible-Study and Teaching1 aRobertson, E H